000 01199nam a2200325 a 4500
999 _c23978
_d23978
001 vtls010587225
005 20251024081627.0
008 140403s2013 xr 000 0 czesd
020 _a9788087335550 (brož.)
040 _aSVKPO
_bslo
_cSVKPO
_eAACR2
041 1 _acze
_heng
044 _axr
_cCZ
072 7 _a364-1/-7
_xDruhy sociálnej pomoci a služieb
_2konspekt
080 _a159.98:659.24
_22001
080 _a316.2
_22001
080 _a364-785
_22001
080 _a(048.8)
_22001
100 1 _aPeavy, R. Vance,
_d1929-2002
_95127
240 1 0 _aSociodynamic counselling
_lČesky
245 1 0 _aSociodynamické poradenství
_bkonstruktivistická perspektiva
_cR. Vance Peavy ; [překlad Eva Leňová Burešová, Veronika Kreslová]
260 _aPraha
_bDům zahraniční spolupráce pro Centrum Euroguidance
_c2013
300 _a274 s.
_c25 cm
500 _aPreložené z angličtiny
650 0 7 _apsychologické poradenstvo
_2SNKPH
_95128
650 0 7 _asociálne poradenstvo
_2SNKPH
_94188
650 0 7 _akonštruktivizmus (sociológia)
_2SNKPH
_95129
655 7 _amonografie
_2SNKPH
_91661
700 1 _aLeňová Burešová, Eva
_4trl
_95130
700 1 _aKreslová, Veronika
_4trl
_95131